000 00519nam a2200169Ia 4500
003 LK-CoDNM
008 010623t2009 xxu||||| |||| 00| 1 sin d
040 _aLK-CoDNM
_dLK-CoDNM
_eLK-CoDNM
041 _asin
080 _ax 954.3 GUN
100 _aGunawardena,V.D.S.
245 _aශ්‍රි ලංකා වංශ කථාවේ විශිෂ්ඨ රජ දරුවෝ
246 _aSri Lanka Vansa Katawe Vishista Raja Daruwo
260 _bRatna
_aColombo
_c2009
300 _b96p., 21 cm
942 _cBK
999 _c129138
_d129138